000 01181nam a2200229Ia 4500
003 Ost
005 20260507075747.0
008 260507s9999||||xx |||||||||||||| ||und||
040 _cfsecg
041 _aara
082 _a330
100 _aالصحن، عبد الفتاح محمد
_eمؤلف
245 0 _aالمراجعة الخارجية :
_bموضوعات متخصصة /
_c عبد الفتاح محمد الصحن
260 _aالإسكندرية:
_bدار الجامعة الجديدة,
_c2000
300 _a399 صفحة؛
_bإيضاحات ؛
_c25 سم
520 _aعلم المراجعة- أساليب المعاينة الإحصائية في المراجعة- الإجراءات التحليلية في المراجعة الفحص الخاص- المراجعة الإدارية- مراجعة البنوك التجارية- الجهاز المركزي للمحاسبات- المراجعة في ظل أنظمة التشغيل الإلكتروني للبيانات- المراجعة البيئية.
653 _aالإدارة
653 _aالمحاسبة
653 _aالمراجعة
700 _aكامل، سمير
_eمؤلف ثانوي
942 _cكتاب
999 _c46204
_d46204